Contraste /
Збережено в:
| Автор: | |
|---|---|
| Формат: | Невідомо |
| Мова: | Spanish |
| Опубліковано: |
San José, Costa Rica :
Publicaciones de la Universidad de Costa Rica,
1974.
|
| Серія: | (Serie: Literatura y Artes ;
número 17) |
| Предмети: | |
| Теги: |
Додати тег
Немає тегів, Будьте першим, хто поставить тег для цього запису!
|
MARC
| LEADER | 000000000a22000000004500 | ||
|---|---|---|---|
| 001 | 002640 | ||
| 041 | 0 | |a spa | |
| 082 | 0 | 4 | |a CR861.4 |b G914c |
| 100 | 1 | |a Guardia Oreamuno, Lilly | |
| 245 | 1 | 0 | |a Contraste / |c Lilly Guardia Oreamuno. |
| 260 | 1 | |a San José, Costa Rica : |b Publicaciones de la Universidad de Costa Rica, |c 1974. | |
| 300 | |a 36 páginas | ||
| 490 | 1 | |a (Serie: Literatura y Artes ; |v número 17) | |
| 650 | 4 | |a LITERATURA COSTARRICENSE | |
| 650 | 4 | |a POESIA | |
| 999 | |c 9015 |d 9015 | ||
| 942 | |c BK |h CR861.4 G914c |2 z | ||
